000 00614nam a22002057a 4500
999 _c17330
_d17330
003 AR-CdUCM
008 190508b ||||| |||| 00| 0 spa d
040 _aMUNICIPALIDAD PROVINCIAL DEL CUSCO
_cBIBLIOTECA MUNICIPAL DEL CUSCO
082 _a868.6 /
_bV42
100 _aVega, Garcilaso de la
_937288
245 _aSonetos y otras poesías /
260 _aLa Plata :
_bCalomino,
_c1944.
300 _a169 paginas ;
_c18 cm.
505 _aContenido :Sonetos y poesías /
650 _aLiteratura
_983
650 _aSonetos
_917003
650 _aPoesias
_92556
942 _2ddc
_cLIBROS
945 _arjall
_d2019-05-08